=LDR 00000nam 2200000 4500 =001 INLIS000000000038910 =005 20130612144552 =008 ***********************************ind** =035 ##$$a0010-061300000038910 =041 ##$$a ind =082 ##$$a 813 =090 ##$$a 813, Ada g =100 ##$$a ADAMS, Carrie =245 ##$$a The godmother=sang ibu baptis/Carrie adam;Alih bahasa, Watumesa agustina =260 ##$$a 2011 $b Jakarta =300 ##$$a 507 Hlm, 20 Cm =650 ##$$a FIKSI =700 ##$$a AGUSTINA, Watumesa =850 ##$$a NBPNMAT =990 ##$$a 21400613/BPAP-NTB/20142014